000 00794nam a2200205Ii 4500
003 JO-AjNU
008 230605s9999||||xx |||||||||||||| ||und||
040 _aJO-AjNU
_bara
_erda
_cJO-AjNU
041 _aara
050 1 4 _aPR2796.C712 1963
100 3 _a تأليف كيلى، جورج ؛ ترجمة كامل يوسف ، تقديم مصطفى محمود,
_eauthor
_957059
245 0 0 _a عاشق المظاهر : قطاع من الحياة في ثلاثة فصول 
264 3 1 _aالقاهرة: مكتبة الانجلو المصرية ، 1963
300 _a174ص
336 _atext
_btxt
_2rdacontent
337 _aunmediated
_bn
_2rdamedia
338 _avolume
_bnc
_2rdacarrier
490 0 _aمن ادب المسرح 16
650 4 _a المسرحيات الإنجليزية  
_957060
999 _aA25547
_c29115
_d29115